Thiết kế WEB và làm hoạt hình: Bài tập thực hành macromedia Flash 5 nhanh và hiệu quả
Gorde:
| Egile nagusia: | |
|---|---|
| Formatua: | Liburua |
| Hizkuntza: | Undetermined |
| Argitaratua: |
Đà Nẵng
Đà Nẵng
2002
|
| Gaiak: | |
| Etiketak: |
Etiketa erantsi
Etiketarik gabe, Izan zaitez lehena erregistro honi etiketa jartzen!
|
| Thư viện lưu trữ: | Trung tâm Học liệu Trường Đại học Cần Thơ |
|---|
| LEADER | 00677nam a2200205Ia 4500 | ||
|---|---|---|---|
| 001 | CTU_52210 | ||
| 008 | 210402s9999 xx 000 0 und d | ||
| 020 | |b 46000 | ||
| 020 | |c 46000 | ||
| 082 | |a 006.696 | ||
| 082 | |b H523 | ||
| 100 | |a Phạm, Quang Huy | ||
| 245 | 0 | |a Thiết kế WEB và làm hoạt hình: Bài tập thực hành macromedia Flash 5 nhanh và hiệu quả | |
| 245 | 0 | |c Phạm Quang Huy và Phương Hoa | |
| 260 | |a Đà Nẵng | ||
| 260 | |b Đà Nẵng | ||
| 260 | |c 2002 | ||
| 650 | |a flash ( computer programs ),computer graphics | ||
| 650 | |x computer programs | ||
| 980 | |a Trung tâm Học liệu Trường Đại học Cần Thơ | ||